| 000 | 00565nam a2200193 i 4500 | ||
|---|---|---|---|
| 001 | 66328 | ||
| 003 | ES-MaACL | ||
| 005 | 20230906165611.0 | ||
| 007 | t| | ||
| 008 | 040203s1978 sp ||||1| gao d | ||
| 245 | 0 | 0 |
_aGalicia _b: terra de Mélide-Compostela : seminario de estudos Galegos : 1933. |
| 250 | _aed. facs. | ||
| 260 |
_a[La Coruña] : _bDo Castro, _c1978. |
||
| 300 |
_aXI, 736 p., 48 lám. : _bil. ; _c25 cm. |
||
| 655 | 7 |
_2tgfbne _9226495 _aFacsímiles |
|
| 852 |
_aES-MaACL _jA-8360 _bR.98044 |
||
| 942 | _2udc | ||
| 999 |
_c66328 _d66328 |
||